| 000 | 00969nam a22002777a 4500 | ||
|---|---|---|---|
| 999 |
_c12458 _d12458 |
||
| 003 | EG-ScBUE | ||
| 005 | 20210210122825.0 | ||
| 008 | 090728s2004 ua f 000 p ara d | ||
| 017 | _a2004/15065 | ||
| 020 | _a9770192368 | ||
| 040 |
_aEG-ScBUE _bara _erda _cEG-ScBUE _dEG-ScBUE |
||
| 082 | 0 | 4 |
_a892.716 _bم ن ي _222 |
| 100 | 1 |
_922206 _aمنير، مدحت، _dمؤلف. |
|
| 245 | 1 | 0 |
_aعنف ومحبة : _bشعر / _cمدحت منير. |
| 264 | 1 |
_aالقاهرة : _bالهيئة المصرية العامة للكتاب، _c2004. |
|
| 300 | 1 |
_a115 صفحة ؛ _c18 سم. |
|
| 336 |
_2rdacontent _aنص _btxt |
||
| 337 |
_2rdamedia _aبدون وسيط _bn |
||
| 338 |
_2rdacarrier _aمجلد _bnc |
||
| 490 | 0 |
_aمكتبة الأسرة. _aسلسلة إبداع الشباب |
|
| 650 | 7 |
_97995 _aالشعر العربي _xدواوين وقصائد. _2BUEsh |
|
| 651 | _2BUEsh | ||
| 653 |
_bARALIT _cFebruary2021 |
||
| 655 |
_vReading book _934232 |
||
| 942 |
_2ddc _cBB |
||